SRA Open Court Reading Level 1 Unit 4 : (Record no. 105530)
[ view plain ]
| 000 -LEADER | |
|---|---|
| fixed length control field | 00456nam a2200157 a 4500 |
| 005 - DATE AND TIME OF LATEST TRANSACTION | |
| control field | 20140412111405.0 |
| 008 - FIXED-LENGTH DATA ELEMENTS--GENERAL INFORMATION | |
| fixed length control field | 070328s19uu xx 00 eng d |
| 020 ## - INTERNATIONAL STANDARD BOOK NUMBER | |
| International Standard Book Number | 0-07-602740-6 |
| 050 ## - LIBRARY OF CONGRESS CALL NUMBER | |
| Classification number | TR(GS 372.4 |
| Item number | B35 2005 |
| 100 ## - MAIN ENTRY--PERSONAL NAME | |
| Personal name | Bereiter , Carl |
| 245 ## - TITLE STATEMENT | |
| Title | SRA Open Court Reading Level 1 Unit 4 : |
| Remainder of title | Our neighborhood at home / |
| Statement of responsibility, etc | Carl Bereiter. |
| 260 ## - PUBLICATION, DISTRIBUTION, ETC. (IMPRINT) | |
| Place of publication, distribution, etc | Columbus, Ohio : |
| Name of publisher, distributor, etc | Mc Grawhill, |
| Date of publication, distribution, etc | 2005. |
| 300 ## - PHYSICAL DESCRIPTION | |
| Extent | 113 |
| 440 ## - SERIES STATEMENT/ADDED ENTRY--TITLE | |
| Title | SRA |
| Withdrawn status | Lost status | Damaged status | Home library | Current library | Shelving location | Date acquired | Total Checkouts | Full call number | Barcode | Date last seen | Price effective from | Koha item type |
|---|---|---|---|---|---|---|---|---|---|---|---|---|
| Elizalde Library | Elizalde Library | Teachers Reference Section | 03/28/2007 | TR(GS 372.4 B35 2005 | E10299 | 04/12/2014 | 04/12/2014 | Books |